Normal view
MARC view
- Ameer Hussain Chaman
Entry Personal Name
001 - CONTROL NUMBER
- control field: 66379
003 - CONTROL NUMBER IDENTIFIER
- control field: NUST
005 - DATE AND TIME OF LATEST TRANSACTION
- control field: 20210628203559.0
008 - FIXED-LENGTH DATA ELEMENTS
- fixed length control field: 210628|| aca||aabn | a|a d
040 ## - CATALOGING SOURCE
- Original cataloging agency: NUST
- Transcribing agency: NUST
100 ## - HEADING--PERSONAL NAME
- Personal name: Ameer Hussain Chaman
670 ## - SOURCE DATA FOUND
- Source citation: Work cat.: (NUST): Ameer Hussain Chaman, Mulaqat-o-hikayat, 2001
